000 01547cam a22001934a 4500
005 20250605164136.0
008 250528s ||||||||||||||||||||||||d
035 _a18778
020 _a875841406
040 _aGR-AtMCL
_bgre
_dGR-AtMCL
_eAACR2
245 1 _aCompetition in Global Industries
260 _bHarvard Business School Press,
_c1986
300 _a584
520 _aA helpful guide through the murky and often treacherous waters of global competition. Foreword, Preface, Introduction and Summary, Conceptual Foundations, Competition in Global Industries: A Conceptual Framework, Modeling Global Competition, The Functional Agenda, Coordinating International Manufacturing and Technology, Three Roles of International Marketing in Global Strategy, Finance and Global Competition: Exploiting Financial Scope and Coping with Volatile Exchange Rates, The Capital Factor: Competing for Capital in a Global Environment, Government Policies and Global Industries, Competitive Strategies in Global Industries: A View from Host Governments, Government Relations in the Global Firm, Organizational Forms and Challenges, Coalitions and Global Strategy, Patterns of International Coalition Activity, Building and Managing the Transnational: The New Organizational Challenge, Empirical Evidence of Global Competition, The Evolution of Modern Global Competition, Entry of Foreign Multinationals into U.S. Manufacturing Industries, Contributors, Index.
700 1 _aPorter Michael E
_92745
942 _cBK
999 _c4091
_d4091